000 00433nam a2200157 i 4500
001 78459
003 ES-MaACL
005 20230906173716.0
007 t|
008 041014s1912 it ||||1| ita d
100 1 _aHarnack, Adolfo.
_961866
245 1 0 _aManuale di storia del Dogma /
_cAdolfo Harnack.
260 _a[S.l. :
_bs.n.,
_c1912] (
_eMilano :
_fLa Compositice)
300 _a3 v. ;
_c20 cm.
852 _aES-MaACL
_jF-2479-81
999 _c78459
_d78459